RCD Espanyol 2025/26 Squad - Statistics

General Stats
  • This quiz has been taken 5 times
  • The average score is 14 of 23
Answer Stats
Hint Answer % Correct
LB 🇪🇸 Carlos Romero
75%
DM 🇨🇩 Charles Pickel
75%
CB 🇩🇪 Clemens Riedel
75%
LW 🇪🇸 Javi Puado
75%
FW 🇪🇸 Kike García
75%
CB 🇺🇾 Leandro Cabrera
75%
GK 🇷🇸 Marko Dmitrovic
75%
RB 🇲🇦 Omar El Hilali
75%
LW 🇪🇸 Pere Milla
75%
CM 🇪🇸 Ramón Terrats
75%
FW 🇪🇸 Roberto Fernández
75%
RW 🏴󠁧󠁢󠁥󠁮󠁧󠁿 Tyrhys Dolan
75%
GK 🇪🇸 Ángel Fortuño
50%
RW 🇧🇪 Cyril Ngonge
50%
CM 🇪🇸 Edu Expósito
50%
CB 🇪🇸 Fernando Calero
50%
RW 🇪🇸 Jofre Carreras
50%
LB 🇪🇸 José Salinas
50%
CB 🇪🇸 Miguel Rubio
50%
CM 🇪🇸 Pol Lozano
50%
RB 🇪🇸 Rubén Sánchez
50%
DM 🇪🇸 Urko González de Zárate
50%
RW 🇪🇸 Antoniu Roca
25%
No matching quizzes found
Score Distribution
Percent of People with Each Score
Percentile by Number Answered
Your Score History
You have not taken this quiz